History Quiz

Random History or Clickable Quiz
Score 0/27 Timer 10:00
5 Plays Today
% Correct
Freudian Slip
95.5%
America
94.7%
Shrapnel
93.5%
Braille
93.4%
Caesarean
93.2%
Platonic
93.1%
Mesmerize
91.9%
Joan of Arc
91.8%
Victorian
91.1%
Hun
89.7%
Bolivar
84.2%
Machiavellian
83.3%
Munchausen
79.8%
Rasputin
78.5%
% Correct
Daguerreotype
74.5%
Colón
69%
Cabal
68.3%
Elgin Marbles
66.3%
Derrick
66.2%
Luddite
65.9%
Garibaldi
63.1%
Borgia
60.8%
Zenobia
52.6%
Havelock
52.2%
Maecenas
50.6%
Beau Brummell
48.4%
Quisling
42.8%
Remove Ads.
Support Sporcle.
Get the best of Sporcle when you Go Orange. This ad-free experience offers more features, more stats, and more fun while also helping to support Sporcle. Thank you for becoming a member.

You're not logged in!

Compare scores with friends on all Sporcle quizzes.
OR
Log In

Show Comments

Extras

Top Quizzes Today


Score Distribution

Your Account Isn't Verified!

In order to create a playlist on Sporcle, you need to verify the email address you used during registration. Go to your Sporcle Settings to finish the process.

Report this User

Report this user for behavior that violates our Community Guidelines.

Details: